GCSE/ALevel Maths Challenge 1 - Statistics

General Stats
  • This quiz has been taken 440 times
  • The average score is 3 of 7
Answer Stats
Hint Answer % Correct
x squared + 3x + 2 = 0 X = -2
100%
X = -1
91%
X = -1
35%
6x cubed - 19x squared + 11x + 6 = 0 X = 2
20%
3x squared + 2x -1 = 0 X = 1/3
16%
X = -3/2
11%
X = 1/3
9%
No matching quizzes found
Score Distribution
Percent of People with Each Score
Percentile by Number Answered
Your Score History
You have not taken this quiz